Technology diffusion, productivity employment, and phase shifts in developing economies
Report on research conducted at the International Development Center of Japan about technology diffusion, productivity employment, and phase shifts in developing economies
Gorde:
| Egile nagusia: | |
|---|---|
| Formatua: | Liburua |
| Hizkuntza: | Undetermined |
| Argitaratua: |
Tokyo
University of Tokyo Press
1994
|
| Gaiak: | |
| Etiketak: |
Etiketa erantsi
Etiketarik gabe, Izan zaitez lehena erregistro honi etiketa jartzen!
|
| Thư viện lưu trữ: | Trung tâm Học liệu Trường Đại học Cần Thơ |
|---|
| LEADER | 00916nam a2200217Ia 4500 | ||
|---|---|---|---|
| 001 | CTU_219201 | ||
| 008 | 210402s9999 xx 000 0 und d | ||
| 082 | |a 338.06 | ||
| 082 | |b O.37 | ||
| 100 | |a Ohkawa, Kazushi | ||
| 245 | 0 | |a Technology diffusion, productivity employment, and phase shifts in developing economies | |
| 245 | 0 | |c Kazushi Ohkawa, Katsuo Otsuka | |
| 260 | |a Tokyo | ||
| 260 | |b University of Tokyo Press | ||
| 260 | |c 1994 | ||
| 520 | |a Report on research conducted at the International Development Center of Japan about technology diffusion, productivity employment, and phase shifts in developing economies | ||
| 650 | |a Technological innovations,Đổi mới công nghệ,Diffusion of innovations,Khuếch tán công nghệ | ||
| 650 | |x Japan,Nhật Bản | ||
| 650 | |z Japan,Nhật Bản | ||
| 904 | |i Nguyên | ||
| 980 | |a Trung tâm Học liệu Trường Đại học Cần Thơ | ||